Multiple Choice - Titanic - Statistics

General Stats
  • This quiz has been taken 61 times
  • The average score is 7 of 10
Answer Stats
Question Answer % Correct
How did the Titanic Sink? It hit an Iceberg
98%
When did the Titanic Sink? 1912
95%
Which Ocean did the Titanic Sink in? Atlantic
93%
Who was the Captain of the Titanic? Captain Edward Smith
88%
Which Ship Came to Rescue the Titanic Survivors? RMS Carpathia
88%
How Many People were Onboard the Titanic? 2,224
75%
Who Designed the Titanic? Thomas Andrews
72%
Which Part of the Titanic Sank First? The bow
65%
How Many Crew Members were Onboard the Titanic? 908
33%
What % of the People Onboard Died? 68%
30%
No matching quizzes found
Score Distribution
Percent of People with Each Score
Percentile by Number Answered
Your Score History
You have not taken this quiz